MFC: основы программирования: пер. с англ

Xehetasun bibliografikoak
Egile nagusia: Шилдт Г. Герберт
Hizkuntza:errusiera
Argitaratua: Киев, BHV, 1997
Gaiak:
Formatua: Liburua
KOHA link:https://koha.lib.tpu.ru/cgi-bin/koha/opac-detail.pl?biblionumber=3466

MARC

LEADER 00000nam0a2200000 4500
001 3466
005 20231030174556.0
010 |a 5773300214 
035 |a (RuTPU)RU\TPU\book\3485 
035 |a BOOK00003493 
090 |a 3466 
100 |a 20011209d1997 km y0rusy50 ca 
101 1 |a rus  |c eng 
102 |a UA 
105 |a y j 000zy 
200 1 |a MFC: основы программирования  |e пер. с англ  |f Г. Шилдт 
210 |a Киев  |c BHV  |d 1997 
215 |a 560 с. 
610 1 |a программирование 
610 1 |a пакеты программ 
610 1 |a библиотеки программ 
610 1 |a Windows 
610 1 |a MFC 
610 1 |a учебные пособия 
675 |a 681.3.069(07)  |v 3 
700 1 |a Шилдт  |b Г.  |g Герберт 
801 0 |a RU  |b 63413507  |c 20011209  |g PSBO 
801 2 |a RU  |b 63413507  |c 20160120  |g PSBO 
942 |c BK